ბათუმის შოთა რუსთაველის სახელმწიფო უნივერსიტეტის ბიბლიოთეკა

ზოგადი და არაორგანული ქიმია : ნაწ. 1. ფუნდამენტური პრინციპი და თეორიული საფუძვლები (ბიბ.ჩანაწერი № 53775)

000 -ლიდერი
ფიქსირებული სიგრძის საკონტროლო ველი 02162nam a2200301Ia 4500
001 - საკონტროლო ნომერი
საკონტროლო ველი 20825
003 - საკონტროლო ნომრის იდენტიფიკატორი
საკონტროლო ველი GE_BSU
005 - ბოლო ოპერაციის თარიღი და დრო
საკონტროლო ველი 20210426120004.0
008 - ფიქსირებული სიგრძის მონაცემთა ელემენტები - ზოგადი ინფორმაცია
ფიქსირებული სიგრძის საკონტროლო ველი 181216s ||||ge |||||||||||||| ||geo||
020 ## - წიგნის საერთაშორისო სტანდარტული ნომერი
International Standard Book Number 9789941131608
040 ## - კატალოგიზაციის წყარო
Transcribing agency GE_BSU
041 ## - ენის კოდი
Language code of text/sound track or separate title geo
080 ## - უნივერსალური ათობითი კლასიფიკაციის ინდექსი
Universal Decimal Classification number 546(075.8)+54 ლ–40
100 ## - მთავარი ჩანაწერი - პიროვნების სახელი
Personal name ლეკიშვილი, ნოდარ
9 (RLIN) 11567
245 ## - ცნობა სათაურის შესახებ
Title ზოგადი და არაორგანული ქიმია : ნაწ. 1. ფუნდამენტური პრინციპი და თეორიული საფუძვლები
Remainder of title სახელმძღვანელო /
Statement of responsibility, etc ნოდარ ლეკიშვილი, ქრისტინე გიორგაძე, ზურაბ ფაჩულია ; რედ. : მაია რუსია, გიული ანდრონიკაშვილი
264 ## - წარმოების, გამოცემის, დისტრიბუციის და სხვა ცნობები
გამოცემის, წარმოების, დისტრიბუციის... ადგილი თბილისი :
გამოცემის, წარმოების, დისტრიბუციის... სახელწოდება თბილისის სახელმწიფო უნივერსიტეტი,
გამოცემის, წარმოების, დისტრიბუციის... თარიღი 2010.
300 ## - ფიზიკური აღწერა
Extent 298გვ;
Other physical details ცხრ.,ნახ. ;
Dimensions 24 სმ.
504 ## - BIBLIOGRAPHY, ETC. NOTE
Bibliography, etc ბიბლიოგრფია : გვ. 297
653 ## - INDEX TERM--UNCONTROLLED
Uncontrolled term ზოგადი და არაორგანული ქიმია : [სახელმძღვანელო ქიმ. სპეც. სტუდენტებისათვის
653 ## - INDEX TERM--UNCONTROLLED
Uncontrolled term ზოგადი ქიმია -- სახელმძღვანელო უმაღლესი სასწავლებლებისათვის. არაორგანული ქიმია -- სახელმძღვანელო უმაღლესი სასწავლებლებისათვის.
653 ## - INDEX TERM--UNCONTROLLED
Uncontrolled term ქიმია
700 ## - ADDED ENTRY--PERSONAL NAME
Personal name გიორგაძე, ქრისტინე
Relator term ავტორი
9 (RLIN) 632
700 ## - ADDED ENTRY--PERSONAL NAME
Personal name ფაჩულია, ზურაბ
Relator term ავტორი
9 (RLIN) 633
700 ## - ADDED ENTRY--PERSONAL NAME
Personal name რუსია, მაია
Relator term რედაქტორი
9 (RLIN) 634
700 ## - ADDED ENTRY--PERSONAL NAME
Personal name ანდრონიკაშვილი, გიული
Relator term რედაქტორი
9 (RLIN) 11568
942 ## - ADDED ENTRY ELEMENTS (KOHA)
Koha item type წიგნი
Source of classification or shelving scheme
ეგზემპლარები
ჩამოწერის სტატუსი დაკარგული ეგზემპლარის სტატუსი კლასიფიკაციის წყარო ან თაროზე გაწყობის სქემა დაზიანების სტატუსი არ გაიცემა მუდმივი მდებარეობა (დაცვის ადგილი) ამჟამინდელი ადგილსამყოფელი თაროზე განთავსების ადგილი შეძენის თარიღი ღირებულება, შესყიდვის ნორმალური ფასი სრული შენახვის შიფრი შტრიხკოდი ბოლო ოპერაციის თარიღი ეგზემპლარის მიმდევრობითი ნომერი (კეტერი?) ფასის ძალაში შესვლის თარიღი ეგზემპლარის სახეობა საჯარო შენიშვნა
          ბათუმის შოთა რუსთაველის სახელმწიფო უნივერსიტეტის მთავარი ბიბლიოთეკა ბათუმის შოთა რუსთაველის სახელმწიფო უნივერსიტეტის მთავარი ბიბლიოთეკა წიგნსაცავი 2018-12-17 25.00 546(075.8)+54 ლ–40 54223 2018-12-17 54223 2018-12-17 წიგნი 25.00 ლ.
          ბათუმის შოთა რუსთაველის სახელმწიფო უნივერსიტეტის მთავარი ბიბლიოთეკა ბათუმის შოთა რუსთაველის სახელმწიფო უნივერსიტეტის მთავარი ბიბლიოთეკა წიგნსაცავი 2018-12-17 25.00 546(075.8)+54 ლ–40 54224 2018-12-17 54224 2018-12-17 წიგნი 25.00 ლ.